<?xml version="1.0" encoding="UTF-8"?>
<marc:record xmlns:marc="http://www.loc.gov/MARC21/slim">
   <marc:leader>00000nam a2200000 a 4500</marc:leader>
   <marc:datafield ind1="1" ind2=" " tag="100">
      <marc:subfield code="a">Miller, Linda Lael</marc:subfield>
      <marc:subfield code="4">aut</marc:subfield>
      <marc:subfield code="e">Verfasser/-in</marc:subfield>
   </marc:datafield>
   <marc:datafield ind1="1" ind2=" " tag="100">
      <marc:subfield code="a">Sander, Ralph</marc:subfield>
      <marc:subfield code="4">trl</marc:subfield>
      <marc:subfield code="e">Übersetzer/-in</marc:subfield>
   </marc:datafield>
   <marc:datafield ind1="1" ind2=" " tag="100">
      <marc:subfield code="a">Lénart-Seidnitzer, Tatjána</marc:subfield>
      <marc:subfield code="4">trl</marc:subfield>
      <marc:subfield code="e">Übersetzer/-in</marc:subfield>
   </marc:datafield>
   <marc:datafield ind1="0" ind2="0" tag="245">
      <marc:subfield code="a">Fest der Herzen</marc:subfield>
   </marc:datafield>
   <marc:datafield ind1="0" ind2="0" tag="245">
      <marc:subfield code="c">Linda Lael Miller. [Aus dem Amerikan. von Ralph Sander ; Tatjána Lénárt-Seidnitzer</marc:subfield>
   </marc:datafield>
   <marc:datafield ind1=" " ind2="1" tag="264">
      <marc:subfield code="a">Hamburg</marc:subfield>
      <marc:subfield code="b">Harlequin Enterprises</marc:subfield>
      <marc:subfield code="c">2013</marc:subfield>
   </marc:datafield>
   <marc:datafield ind1="1" ind2=" " tag="490">
      <marc:subfield code="a">Mira Taschenbuch</marc:subfield>
   </marc:datafield>
   <marc:datafield ind1=" " ind2=" " tag="250">
      <marc:subfield code="a">1. Aufl.</marc:subfield>
   </marc:datafield>
   <marc:datafield ind1="1" ind2=" " tag="520">
      <marc:subfield code="a">Angaben aus der Verlagsmeldung

Fest der Herzen : Geständnis unterm Weihnachtsbaum / Schicksalstage - Liebesnächte / von Linda Lael Miller

1. Ob verirrtes Rentier, depressives Pony oder der ältere Herr, der sich für den Weihnachtsmann hält: Nichts davon kann die hilfsbereite Tierärztin Olivia O'Ballivan erschüttern. Das schafft nur ihr neuer Nachbar Tanner Quinn mit seinem Charme. Doch der gefragte Architekt bleibt nie lange an einen Ort. Für ihn ist das Projekt im verschlafenen Stone Creek bloß ein Zwischenspiel. Auch seine Nacht mit Olivia?

2. Ashley O’Ballivan ist hübsch, liebenswert und erfolgreich – aber immer noch Single. Und gar nicht glücklich darüber. Besonders in der besinnlichen Weihnachtszeit träumt sie davon, romantische Stunden mit dem Mann ihres Lebens zu verbringen. Allerdings sieht es nicht so aus, als ob dieser Traum sich bald erfüllen würde – oder? Denn überraschend kehrt ihre große Liebe Jack McCall nach Stone Creek zurück …
</marc:subfield>
   </marc:datafield>
   <marc:datafield ind1=" " ind2=" " tag="020">
      <marc:subfield code="a">9783862788347</marc:subfield>
      <marc:subfield code="9">9783862788347</marc:subfield>
   </marc:datafield>
   <marc:datafield ind1=" " ind2=" " tag="020">
      <marc:subfield code="a">3862788342</marc:subfield>
      <marc:subfield code="9">3862788342</marc:subfield>
   </marc:datafield>
   <marc:datafield ind1=" " ind2=" " tag="041">
      <marc:subfield code="a">ger</marc:subfield>
   </marc:datafield>
   <marc:datafield ind1=" " ind2=" " tag="300">
      <marc:subfield code="a">379 S.</marc:subfield>
   </marc:datafield>
</marc:record>
